000
00320nam a2200121Ia 4500
008
210430s9999 xx 000 0 und d
082
_a
547 F 4911 O
100
_a
IL Finar
245
_a
Organic Chemistry Volume 1
_c
IL Finar
260
_a
Islamabad
_b
National Book Foundation
_c
1973
300
_a
965p
942
_c
BK
_2
ddc
999
_c
563204
_d
563204